| 000 | 01023nam a2200205Ia 4500 | ||
|---|---|---|---|
| 003 | Ost | ||
| 005 | 20260507075109.0 | ||
| 008 | 260507s9999||||xx |||||||||||||| ||und|| | ||
| 040 | _cfsecg | ||
| 041 | _aara | ||
| 082 | _a519.53 | ||
| 100 |
_aشيبات، احمد _eمؤلف |
||
| 245 | 0 |
_aالاحصاء الوصفي / _c احمد شيبات |
|
| 260 |
_aقسنطينة: _bجامعة الإخوة منتوري , _c[دون تاريخ] |
||
| 300 | _c24 سم | ||
| 490 | _aسلسلة الرياضيات في الجامعة | ||
| 520 | _a مدخل الى علم الاحصاء و تناول بعض التعاريف و المصطلحات كما تم التطرق الى الصفة الكمية و المتغير الاحصائي المتقطع و المتغير الاحصائي المستمر و التوزيعات الاحصائية ذات صفتين و التسوية الخطية مع وجود ارشادات تطبيقية و تمارين محلولة. | ||
| 653 | _aالاحصاء الوصفي | ||
| 942 | _cكتاب | ||
| 999 |
_c42845 _d42845 |
||